000 01323cam a22003497a 4500
003 CHAP
005 20220817044048.0
008 010920d2001 mx r 00110 spa d
010 _a91329
011 _a92301
035 _a102865
040 _cCHAP
090 _aTesis
100 0 0 _aGómez Mena, Agripino.
_949802
245 1 0 _aParámetros reproductivos de un hato de bovinos lecheros de la raza pardo suizo americano en la comunidad de Apango municipio de Cocula, Guerrero
_c/por Agripino Gómez Mena
260 _aCocula, Gro. :
_bEl autor,
_c2004.
300 _a58 h. ;
_bgráfs.
502 _aTesis (Ing. Agr. Zootecnista) -- Colegio Superior Agropecuario del Estado de Guerrero. Centro de Estudios Profesionales
590 _aALEPH
_b10
_c20130110
_lUCH01
_h1507
590 _aBATCH-UPD
_b10
_c20130110
_lUCH01
_h0633
590 _aBATCH-UPD
_b10
_c20130410
_lUCH01
_h0317
590 _aBATCH-UPD
_b10
_c20130914
_lUCH01
_h1518
590 _aCONVERSION
_b10
_c20130109
_lUCH01
_h1351
650 1 4 _aGanado lechero
_xGuerrero.
_945269
650 1 4 _aGanado lechero
_xReproducción.
_945294
650 1 4 _aGanado Pardo Suizo.
650 1 4 _aGanado vacuno
_xGuerrero.
_945472
650 1 4 _aGanado vacuno
_xReproducción.
_945510
901 _aBK
942 _cTESIS
949 _aTesis
_bBC
_cTES
_d1028651
_eTS1
_h44362
_i102865
_sb
999 _c91329
_d91329